| 000 | 00513nam a2200181 a 4500 | ||
|---|---|---|---|
| 001 | 000041565 | ||
| 005 | 20201002035637.0 | ||
| 008 | 131011s1996 xxu 001 0 eng d | ||
| 020 | _a9780897932073 | ||
| 040 |
_aDO-SdBNP _beng _cBNPHU |
||
| 082 |
_axxxxx _bxxxxx |
||
| 100 | 1 |
_aPearsall, Paul _949018 |
|
| 245 | 1 | 0 |
_aThe pleasure prescription / : _bPaul Pearsall. |
| 260 |
_aNew York : _bHunter House, _c1996. |
||
| 300 |
_a276 p. ; _c23 cm. |
||
| 500 | _aIncluye índice | ||
| 504 | _aBibliografías : p. 257-268 | ||
| 999 |
_c41055 _d41055 |
||